Estadísticas para País por imagen de su líder - 1900

Haz click aquí para intentar la prueba.

Estadísticas generales

  • Esta prueba ha sido intentada 67 veces
  • La puntuación promedio es 6 de 16

Estadísticas de respuestas

Respuesta% Correcto
Rusia
88%
China
84%
Alemania
78%
Estados Unidos
74%
Imperio Otomano
45%
Austria-Hungría
43%
España
36%
Japón
36%
Francia
34%
Etiopía
29%
Italia
21%
Suecia
21%
Serbia
16%
Reino Unido
14%
Rumania
12%
México
7%

Distribución de puntuación

Porcentaje por número respondido

Porcentaje de gente con cada puntuación

Historial de tus puntuaciones

No has intentado esta prueba.